书目信息 |
| 题名: |
单片机原理及应用教程
|
|
| 作者: | 倪继烈 , 曾一江 主编 | |
| 分册: | ||
| 出版信息: | 成都 电子科技大学出版社 2004.07 |
|
| 页数: | 279页 | |
| 开本: | 26cm | |
| 丛书名: | ||
| 单 册: | ||
| 中图分类: | TP368.1 | |
| 科图分类: | ||
| 主题词: | 单片微型计算机, MCS-51--高等学校: 技术学校--教材 | |
| 电子资源: | ||
| ISBN: | 7-81094-495-9 | |
| 000 | 00792nam0 2200253 45 | |
| 001 | 012004000000 | |
| 005 | 20080305100506.67 | |
| 010 | @a7-81094-495-9@dCNY 23.00 | |
| 100 | @a20041220d2004 em y0chiy0121 ea | |
| 101 | 0 | @achi |
| 102 | @aCN@b510000 | |
| 105 | @aak z 000yy | |
| 200 | 1 | @a单片机原理及应用教程@Adan pian ji yuan li ji ying yong jiao cheng@f倪继烈, 曾一江主编 |
| 210 | @a成都@c电子科技大学出版社@d2004.07 | |
| 215 | @a279页@c图, 表格@d26cm | |
| 300 | @a21世纪高等职业教育电子信息技术规划教材 | |
| 320 | @a书末附附录和参考文献 | |
| 606 | 0 | @a单片微型计算机, MCS-51@x高等学校: 技术学校@j教材 |
| 610 | 1 | @aMCS-51 |
| 690 | @aTP368.1@v4 | |
| 701 | 0 | @a倪继烈@Ani ji lie@4主编 |
| 701 | 0 | @a曾一江@Azeng yi jiang@4主编 |
| 801 | 0 | @aCN@c20080305 |
| 905 | @dTP368.1@eN495 | |
| 单片机原理及应用教程/倪继烈, 曾一江主编.-成都:电子科技大学出版社,2004.07 |
| 279页:图, 表格;26cm |
| 21世纪高等职业教育电子信息技术规划教材 |
| ISBN 7-81094-495-9:CNY 23.00 |
| ● |
| 相关链接 |
|
|
|
正题名:单片机原理及应用教程
索取号:TP368.1/N495
 
预约/预借
| 序号 | 登录号 | 条形码 | 馆藏地/架位号 | 状态 | 备注 |
| 1 | 437750 | 204377502 | 自科库301/301自科库 63排1列4层/ [索取号:TP368.1/N495] | 在馆 | |
| 2 | 437751 | 204377511 | 自科库301/301自科库 63排1列4层/ [索取号:TP368.1/N495] | 在馆 | |
| 3 | 437752 | 204377520 | 自科库301/301自科库 63排1列4层/ [索取号:TP368.1/N495] | 在馆 | |
| 4 | 479574 | 204795748 | 期刊室512/ [索取号:TP368.1/N495] | 在馆 |